Los nobles ante la muerte en México : (Registro nro. 62456)
[ vista simple ]
| 000 -LEADER | |
|---|---|
| fixed length control field | 00853nam a2200229 u 4500 |
| 001 - CONTROL NUMBER | |
| control field | 62456 |
| 005 - DATE AND TIME OF LATEST TRANSACTION | |
| control field | 20180714064505.0 |
| 008 - FIXED-LENGTH DATA ELEMENTS--GENERAL INFORMATION | |
| fixed length control field | 150427s2005 mx a r 000 0 eng d |
| 020 ## - INTERNATIONAL STANDARD BOOK NUMBER | |
| International Standard Book Number | 968-12-0905-2 |
| 082 0# - DEWEY DECIMAL CLASSIFICATION NUMBER | |
| Classification number | 393.972 |
| Item number | ZAR |
| 100 1# - MAIN ENTRY--PERSONAL NAME | |
| Personal name | Zárate Toscano, Verónica |
| Relator term | autor |
| 245 10 - TITLE STATEMENT | |
| Title | Los nobles ante la muerte en México : |
| Remainder of title | actitudes, ceremonias y memoria (1750-1850) / |
| Statement of responsibility, etc. | Verónica Zárate Toscano. |
| 250 ## - EDITION STATEMENT | |
| Edition statement | Primera edición |
| 264 #1 - PRODUCTION, PUBLICATION, DISTRIBUTION, MANUFACTURE, AND COPYRIGHT NOTICE | |
| Place of production, publication, distribution, manufacture | México : |
| Name of producer, publisher, distributor, manufacturer | El Colegio de México Institutop Mora ; |
| Date of production, publication, distribution, manufacture, or copyright notice | 2005 |
| 300 ## - PHYSICAL DESCRIPTION | |
| Extent | 484 páginas : |
| Other physical details | ilustraciones ; |
| Dimensions | 22 cm. |
| 336 ## - CONTENT TYPE | |
| Content type term | texto |
| Source | rdacontent |
| 337 ## - MEDIA TYPE | |
| Media type term | sin mediación |
| Source | rdamedia |
| 338 ## - CARRIER TYPE | |
| Carrier type term | volumen |
| Source | rdacarrier |
| 650 #0 - SUBJECT ADDED ENTRY--TOPICAL TERM | |
| Topical term or geographic name entry element | Ritos y ceremonias fúnebres |
| General subdivision | México |
| -- | Historia |
| Chronological subdivision | Siglo XVIII |
| 650 #0 - SUBJECT ADDED ENTRY--TOPICAL TERM | |
| Topical term or geographic name entry element | Muerte |
| General subdivision | Aspectos sociales |
| 650 #0 - SUBJECT ADDED ENTRY--TOPICAL TERM | |
| Topical term or geographic name entry element | Nobleza |
| Geographic subdivision | México |
| Active dates | Siglo XVIII |
| Withdrawn status | Lost status | Source of classification or shelving scheme | Damaged status | Not for loan | Collection code | Home library | Current library | Shelving location | Date acquired | Source of acquisition | Inventory number | Total Checkouts | Full call number | Barcode | Date last seen | Date last checked out | Price effective from | Koha item type |
|---|---|---|---|---|---|---|---|---|---|---|---|---|---|---|---|---|---|---|
| Dewey Decimal Classification | General | Biblioteca Karol Wojtyla | Biblioteca Karol Wojtyla | Sala general | 27/04/2015 | Compra | 151000000000000000044408 | 393.972 ZAR 2005 | 92562 | 05/01/2026 | 11/05/2016 | 19/02/2016 | Libro |